| 000 | 01272nam a2200241Ia 4500 | ||
|---|---|---|---|
| 003 | OSt | ||
| 005 | 20200813121955.0 | ||
| 008 | 191128s2005 ck ad grl f000 0 spa d | ||
| 040 |
_aCO-JMCR _cCO-JMCR |
||
| 041 | 0 | _aspa | |
| 082 | 0 | 4 |
_a341.73 / _bC718l _223 |
| 110 | 1 |
_aColombia. _98040 |
|
| 240 | 1 | 0 | _aLeyes, decretos, etc. |
| 245 | 1 | 0 |
_aLey 975 de 2005 de justicia y paz / _cOficina Alto Comisionado para la paz |
| 260 |
_aBogotá : _bImprenta Nacional de Colombia, _c2005 |
||
| 300 |
_a119 páginas : _bgráficos a blanco y negro ; _c20 X 28 cm. |
||
| 505 | 0 | _aConceptos básicos -- Generalidades -- Instituciones para la ejecución de la ley -- Protección a víctimas y testigos -- Derecho del procesado -- Instituciones para la reparación de víctimas -- Procedimiento para investigación y juzgamiento | |
| 520 | 3 | _aNo existe en Colombia tradición de articular procesos de paz con aplicación de la justicia. En el acuerdo de La Uribe, firmado con las FARC en 1984, se habla de perdón y olvido. En el acuerdo con el M-19 de 1990 sólo se habla de indulto. | |
| 650 | 1 | 4 |
_aLey de justicia y paz _zColombia _98041 |
| 650 | 1 | 4 |
_aDesplazamiento forzado _zColombia _98042 |
| 650 | 1 | 4 |
_aVíctimas de la violencia _xlegislación _zColombia _98043 |
| 942 |
_2ddc _cBK |
||
| 999 |
_c5008 _d5008 |
||